000 01705nam0a2200397 4500
001 RU\NLR\bibl\987661
005 20260406152353.0
010 _a5-17-019491-9
_bАСТ С:Шр(м)
010 _a5-9713-3086-1
_bАСТ Москва
010 _a5-17-014645-0
_bАСТ Очар(м)
010 _a5-9713-1789-X
_bАСТ Москва
_93000
021 _aRU
_b2006-48061
_92387
021 _aRU
_b2006-48011
_92385
035 _a(nilc)RSL-KNO-002920316
035 _a(NLR Aleph) 000975511
090 _a426145
_c426145
100 _a20060821d2006 |||y0rusy50 ca
101 1 _arus
_ceng
102 _aRU
105 _ay |||||||||
106 _ar
200 1 _aБеспутный повеса
_eроман
_fМэри Бэлоу
_g[пер. с англ. Н. Г. Бунатян]
210 _aМосква
_cАСТ
_cАСТ Москва
_d2006
_eУльяновск
_gУльяновский Дом печати
215 _a285, [1] с.
_d17
225 1 _aОчарование
225 1 _aмини-"Шарм"
610 0 _aФилологические науки . Художественная литература -- США -- Американская литература -- с 1945 г. -- Произведения художественной литературы -- Художественная проза -- Романы. Повести. Рассказы
686 _aШ5(7США)62-644
_2rubbk
686 _aШ6(7К)167-440.4{Лх1960-18}
700 1 _4070
_8rus
_7ca
_aБэлоу
_bМ.
_f1944-
_gМэри
_3RU\NLR\AUTH\775928
_9115885
801 0 _aRU
_bРКП
_c20060821
_grcr
801 1 _aRU
_bРГБ
_c20060821
801 2 _aRU
_bNLR
_c20060925
_grcr
942 _cBOOK
980 _aNB